Least Populous Countries to Ever Play a FIFA World Cup - Statistics

General Stats
  • This quiz has been taken 234 times
  • The average score is 8 of 12
Answer Stats
Population Team % Correct
341,243 Iceland
88%
4,105,267 Croatia
70%
2,078,938 Slovenia
69%
3,152,879 Wales
68%
4,314,767 Panama
65%
3,280,819 Bosnia and Herzegovina
63%
1,893,667 Northern Ireland
62%
3,473,730 Uruguay
61%
2,881,053 Qatar
59%
1,399,488 Trinidad and Tobago
59%
2,961,167 Jamaica
54%
4,270,571 Kuwait
49%
No matching quizzes found
Score Distribution
Percent of People with Each Score
Percentile by Number Answered
Your Score History
You have not taken this quiz